Megkezdődött a pedagógiai nyári egyetem Köpeczi Béla nyitó előadása /
Elmentve itt :
| Szerző: | |
|---|---|
| Dokumentumtípus: | Cikk |
| Megjelent: |
1987-07-15
|
| Sorozat: | Délmagyarország
77 No. 165 |
| Kulcsszavak: | hazai politikusok látogatásai, nyári egyetem |
| Online Access: | http://dmarchiv.bibl.u-szeged.hu/112940 |
| LEADER | 00532nab a2200157 i 4500 | ||
|---|---|---|---|
| 001 | delm112940 | ||
| 005 | 20190918133702.0 | ||
| 008 | 190918s1987 hu o 0|| hun d | ||
| 040 | |a SZTE Délmagyarország Archívum |b hun | ||
| 041 | |a hun | ||
| 100 | 1 | |a Dlusztus Imre | |
| 245 | 1 | 0 | |a Megkezdődött a pedagógiai nyári egyetem |h [elektronikus dokumentum] : |b Köpeczi Béla nyitó előadása / |c Dlusztus Imre |
| 260 | |c 1987-07-15 | ||
| 300 | |a 1 | ||
| 490 | 0 | |a Délmagyarország |v 77 No. 165 | |
| 695 | |a hazai politikusok látogatásai, nyári egyetem | ||